Score 0/13 Timer 02:00
0 Plays Today
Clue 4-Letter Word % Correct
A place where one can swimPOOL
97.3%
A serving dish for soupBOWL
94.9%
An object on stage during a playPROP
93.2%
A type of deck on a shipPOOP
90.8%
City the Greeks 'conquered' with a hollow horseTROY
88.6%
Canvass voters before an electionPOLL
86.9%
To poke with a stickPROD
85.9%
The pod of a cotton plantBOLL
81.9%
Trampled or crushedTROD
80.8%
Slack flesh around the cheek, jaw or throatJOWL
76.9%
Parker who wrote 'The Book of Mormon'TREY
62.3%
With [Final Rung], Original Emcee in 'Cabaret' and Wizard in 'Wicked'JOEL
44.8%
With [First Rung], Original Emcee in 'Cabaret' and Wizard in 'Wicked'GREY
38.3%

Today's Daily Dose

Remove Ads.
Support Sporcle.
Get the best of Sporcle when you Go Orange. This ad-free experience offers more features, more stats, and more fun while also helping to support Sporcle. Thank you for becoming a member.

You're not logged in!

Compare scores with friends on all Sporcle quizzes.
OR
Log In

Show Comments

Extras

Top Quizzes Today


Score Distribution

Your Account Isn't Verified!

In order to create a playlist on Sporcle, you need to verify the email address you used during registration. Go to your Sporcle Settings to finish the process.

Report this User

Report this user for behavior that violates our Community Guidelines.

Details: